• 首页
  • 本馆介绍
  • 公告通知
  • 最新文献
  • 馆藏检索
  • 电子资源
  • 读者导购
  • 参考咨询
  • 我的图书馆
  • 登录
  • 详细信息显示
  • 放入我的书架
  • 预约/预借图书
  • 作者相关作品
  • 分类相关作品
  • 丛书相关作品
  • 出版社相关作品

书目信息

  • 表格格式
  • 工作单格式
  • 卡片格式
题名:
一个幻觉的末来
    
 
作者: 弗洛依德 著 ;杨韶刚 译
分册:  
出版信息: 北京   华夏出版社  1999.1
页数: 225页
开本: 20cm
丛书名: 现代西方思想文库
单 册:
中图分类: B521
科图分类:
主题词: 哲学--奥地利
电子资源:
ISBN: 7-5080-1642-4
000 00733nam2 2200241 45
001 0104091472
005 20041125150408.1
010    @a7-5080-1642-4@dCNY12.80
100    @a20010409d1999 km y0chiy0120 ea
101 0  @achi
105    @a z 000yy
200 1  @a一个幻觉的末来@AYi Ge Huan Jue De Mo Lai@f(奥地利)西格蒙特·弗洛依德著@F(Ao Di Li)Xi Ge Meng Te·Fu Luo Yi De Zhu@g杨韶刚译
205    @a2版
210    @a北京@c华夏出版社@d1999.1
215    @a225页@d20cm
225    @a现代西方思想文库
410    @12001 @a现代西方思想文库
606 0  @a哲学@y奥地利
690    @aB521@v2
701  0 @a弗洛依德@4著
702  0 @a杨韶刚@AYang Shao Gang@4译
801    @aCN@bTSTC@c20010514
905    @a213230@f3@b296685-687@dB521@e13=2
    
    一个幻觉的末来/(奥地利)西格蒙特·弗洛依德著/杨韶刚译.-2版.-北京:华夏出版社,1999.1
    225页;20cm.-(现代西方思想文库)
    
    
    ISBN 7-5080-1642-4:CNY12.80
    
●
相关链接 在E读中查询图书 在五车中查询图书 在当当中查询图书 在豆瓣中查询图书


正题名:一个幻觉的末来     索取号:B521/13=2         预约/预借

序号 登录号 条形码 馆藏地/架位号 状态 备注
1 0296686   002966865   第一借阅区/ [索取号:B521/13=2] 在馆    
2 0296687   002966874   第一样本阅览室/ [索取号:B521/13=2] 在馆    
唐山师范学院图书馆 欢迎您!
大连网信软件有限公司© 版权所有